000 00250nam a22001217a 4500
008 180131b xxu||||| |||| 00| 0 eng d
041 _aeng
080 _a574
100 _a9
101 _amje
245 _aindoor plants
_cfrank.w
942 _2udc
_cBK
999 _c41330
_d41330